000 00610nmm a2200193Ia 4500
008 251105s9999||||xx |||||||||||||||||und||
020 _a9788417408046
041 _aspa
100 _aConte, David
245 0 _aEl bosque de los símbolos: corporeidad y analogía en la poesía hispánica contemporánea
264 _a[Madrid, España] :
_bMinerva Ediciones,
_c2018
300 _a240 páginas
490 _aMonografías
650 _aSpanish literature
700 _aConte, David
700 1 _a Aventín Fontana, Alejandra M.
856 _uhttps://public.digitaliapublishing.com/a/59208
942 _cCF
999 _c64172
_d64172